00245nam a2200097Ia 450000100070000000500170000700800410002424500480006526000260011330000080013958891520250717120839.0250717s9999 xx 000 0 und d 0aY-8 MASAL İSTANBULcFİGEN YAMAN COŞAR bERDEM YAYINLARIc2020 b192